Leader xxxxxxxxxx
001 __ PCLIS00040400
005 __ 20030926083510.0
008 __ chi
010 0_ |a957-9680-45-0|b平裝|dNT$180
020 __ |acw|b87001677
090 __ |a(nbi)b16549442
100 __ |a19980212d1998 m y0chib09 e
101 0_ |achi
102 __ |acw
105 __ |ay z 000cd
200 1_ |a擁抱幸福其實很簡單|dEmbrase your happiness|e|zeng|f楊小雲著
205 __ |a初版
210 __ |a臺北市|c健行文化出版|c九歌總經銷|d1998[民87]
215 0_ |a241面|c|d21公分
225 2_ |a生活叢書|v126
260 1_ |a1998
300 __ |a
410 _0 |12001 |a生活叢書|v126
610 10 |a現代文學作家館藏(楊小雲)
681 __ |a855|b8643
700 _1 |a楊|b小雲|4
702 __ |a|b|4
801 _0 |acw|bCIP|c19980212|gCCR
801 _1 |acw|bCIP|c19980212|gCCR
801 _2 |atw|b元智|c20030926|gCCR
856 __ |uhttp://www.chiuko.com.tw/|z九歌出版社|2http
|